Score 0/8 Timer 01:00
5 Plays Today
% Correct
Ralph Kramden
81.9%
Alice Kramden
81.7%
Ed Norton
76.8%
Jackie Gleason
68.1%
Trixie Norton
58.9%
Art Carney
54.7%
Audrey Meadows
45.8%
Joyce Randolph
28.2%
Remove Ads.
Support Sporcle.
Get the best of Sporcle when you Go Orange. This ad-free experience offers more features, more stats, and more fun while also helping to support Sporcle. Thank you for becoming a member.

You're not logged in!

Compare scores with friends on all Sporcle quizzes.
OR
Log In

Show Comments

Extras

Top Quizzes Today


Score Distribution

Your Account Isn't Verified!

In order to create a playlist on Sporcle, you need to verify the email address you used during registration. Go to your Sporcle Settings to finish the process.

Report this User

Report this user for behavior that violates our Community Guidelines.

Details: